Statistics for Indiana Pacers: Top 10 All-Time Leaders

Click here to take the quiz!

General Stats

  • This quiz has been taken 32 times
    (18 since last reset)
  • The average score is 37 of 80

Answer Stats

Category # Player Amount % Correct
Points1Reggie Miller25,279
100%
Rebounds9Reggie Miller4,182
100%
Steals1Reggie Miller1,505
100%
Points Per Game8Reggie Miller18.2
100%
Assists1Reggie Miller4,141
100%
Three Pointers Made1Reggie Miller2,560
100%
Points Per Game9Paul George18.1
94%
Steals5Paul George740
94%
Three Pointers Made3Paul George897
94%
Points Per Game1Victor Oladipo21.7
88%
Blocks4Roy Hibbert990
82%
Assists3Mark Jackson3,294
82%
Blocks2Rik Smits1,111
82%
Field Goal Percent10Rik Smits50.7%
82%
Rebounds3Rik Smits5,277
82%
Points2Rik Smits12,871
82%
Field Goal Percent2Dale Davis54.3%
76%
Points5Jermaine O'Neal9,580
76%
Blocks5Dale Davis904
76%
Rebounds2Dale Davis6,006
76%
Rebounds6Jermaine O'Neal4,933
76%
Points Per Game6Jermaine O'Neal18.6
76%
Blocks1Jermaine O'Neal1,245
76%
Blocks8Danny Granger471
71%
Points6Danny Granger9,571
71%
Steals8Danny Granger545
71%
Three Pointers Made2Danny Granger964
71%
Blocks7Myles Turner575
65%
Blocks10Clemon Johnson415
65%
Three Pointers Made5George Hill476
53%
Blocks3Herb Williams1,094
47%
Field Goal Percent1Domantas Sabonis55.3%
47%
Points Per Game4Chuck Person19.0
47%
Rebounds8Herb Williams4,494
47%
Three Pointers Made6Chuck Person466
47%
Field Goal Percent8Detlef Schrempf51.1%
47%
Assists10Chuck Person1,743
47%
Field Goal Percent7Kenny Williams51.1%
47%
Points7George McGinnis9,545
35%
Points Per Game2George McGinnis19.6
35%
Steals4George McGinnis752
35%
Assists4Jamaal Tinsley2,786
35%
Rebounds5George McGinnis5,219
35%
Steals6Jamaal Tinsley660
35%
Field Goal Percent6Thaddeus Young51.2%
35%
Points Per Game10Roger Brown18.0
29%
Points Per Game5Clark Kellogg18.9
29%
Three Pointers Made10Austin Croshere376
29%
Assists2Vern Fleming4,038
29%
Points8Vern Fleming9,535
29%
Points4Roger Brown10,058
29%
Assists7Roger Brown2,214
29%
Steals3Vern Fleming885
29%
Field Goal Percent4Billy Knight51.3%
24%
Points Per Game7Billy Knight18.4
24%
Steals10Jeff Foster507
24%
Steals7Billy Knight651
24%
Rebounds4Jeff Foster5,248
24%
Points3Billy Knight10,780
24%
Steals9Derrick McKey512
24%
Assists9Travis Best1,785
24%
Assists5Don Buse2,737
18%
Points10Freddie Lewis9,257
18%
Three Pointers Made8Troy Murphy419
18%
Steals2Don Buse1,177
18%
Assists6Freddie Lewis2,279
18%
Rebounds10Darnell Hillman3,999
12%
Rebounds1Mel Daniels7,643
12%
Points9Mel Daniels9,314
12%
Field Goal Percent3Ian Mahinmi52.7%
12%
Three Pointers Made4Bill Keller506
12%
Points Per Game3Mel Daniels19.4
12%
Assists8Bill Keller1,980
12%
Blocks6Dale Hillman611
12%
Field Goal Percent5Wayman Tisdale51.2%
12%
Three Pointers Made7C.J. Miles465
6%
Field Goal Percent9Alex English50.8%
6%
Three Pointers Made9Mike Dunleavy408
6%
Rebounds7Bob Netolicky4,566
6%
Blocks9Len Elmore423
6%

Score Distribution

Percentile by Number Answered

Percent of People with Each Score

Your Score History

You have not taken this quiz since the last reset